Welcome to WEB OPAC of MRSPTU Central Library

Fundamentals of Agricultural Extension (Record no. 10408)

MARC details
000 -LEADER
fixed length control field 00475nam a22001937a 4500
003 - CONTROL NUMBER IDENTIFIER
control field OSt
005 - DATE AND TIME OF LATEST TRANSACTION
control field 20241029145356.0
008 - FIXED-LENGTH DATA ELEMENTS--GENERAL INFORMATION
fixed length control field 241029b |||||||| |||| 00| 0 eng d
040 ## - CATALOGING SOURCE
Transcribing agency MRSPTU
041 ## - LANGUAGE CODE
Language code of text/sound track or separate title ENG
082 ## - DEWEY DECIMAL CLASSIFICATION NUMBER
Classification number 630.7
Item number AR-F
100 ## - MAIN ENTRY--PERSONAL NAME
Personal name Arya, Renu
245 ## - TITLE STATEMENT
Title Fundamentals of Agricultural Extension
260 ## - PUBLICATION, DISTRIBUTION, ETC.
Place of publication, distribution, etc. Jodhpur
Name of publisher, distributor, etc. Scientific Pub.
Date of publication, distribution, etc. 2022
300 ## - PHYSICAL DESCRIPTION
Extent 274
650 ## - SUBJECT ADDED ENTRY--TOPICAL TERM
Topical term or geographic name entry element Agriculture
700 ## - ADDED ENTRY--PERSONAL NAME
Personal name Arya, Anupriya & Arya R.L.
942 ## - ADDED ENTRY ELEMENTS (KOHA)
Source of classification or shelving scheme Dewey Decimal Classification
Koha item type Book
Suppress in OPAC No
Holdings
Withdrawn status Lost status Source of classification or shelving scheme Damaged status Not for loan Home library Current library Date acquired Total checkouts Full call number Barcode Date last seen Price effective from Koha item type
    Dewey Decimal Classification     MRSPTU Central Library MRSPTU Central Library 10/29/2024   630.7 AR-F 41688 10/29/2024 10/29/2024 Book
    Dewey Decimal Classification     MRSPTU Central Library MRSPTU Central Library 10/29/2024   630.7 AR-F 41689 10/29/2024 10/29/2024 Book
    Dewey Decimal Classification     MRSPTU Central Library MRSPTU Central Library 10/29/2024   630.7 AR-F 41690 10/29/2024 10/29/2024 Book
    Dewey Decimal Classification     MRSPTU Central Library MRSPTU Central Library 10/29/2024   630.7 AR-F 41691 10/29/2024 10/29/2024 Book
    Dewey Decimal Classification     MRSPTU Central Library MRSPTU Central Library 10/29/2024   630.7 AR-F 41692 10/29/2024 10/29/2024 Book

Website Designed and Developed by MRSPTU Central Library Team

E-mail Id: librarian@mrsptu.ac.in